[Event "Six ten a.m."]
[Site "http://www.queenalice.com/game.php?id=1168313"]
[Date "2013.4.4"]
[Round "-"]
[White "scheherazade"]
[Black "Oli"]
[Result "1-0"]
[WhiteElo "1800"]
[BlackElo "847"]

1. e4 Nc6 2. c3 Ne5 3. d4 Ng6 4. g3 e6 5. h4 f5 6. exf5 exf5 7. f4 c6 8. a4 d5
9. b3 b6 10. Ba3 N6e7 11. Rh2 a6 12. Nf3 h6 13. Ne5 b5 14. Bc5 a5 15. Qh5+ g6
16. Nxg6 Kd7 17. Nxh8 Nf6 18. Qf7 Ne4 19. Bxe7 Bxe7 20. Ng6 Nxg3 21. Qxe7+ Qxe7+
22. Nxe7 Kxe7 23. Bd3 Nh5 24. Rf2 Ng3 25. Nd2 Nh1 26. Rg2 Kf7 27. Ke2 Ke7 28.
Rxh1 bxa4 29. bxa4 Rb8 30. Rhg1 Be6 31. Rg6 Bd7 32. Rxh6 Rb2 33. Rg7+ Kd8 34.
Rhh7 Ra2 35. Rxd7+ Ke8 36. Bxf5 Rxa4 37. Rh8# 1-0

[Event "Snowdrops Somewhere"]
[Site "http://www.queenalice.com/game.php?id=1169711"]
[Date "2013.4.9"]
[Round "-"]
[White "Oli"]
[Black "scheherazade"]
[Result "0-1"]
[WhiteElo "845"]
[BlackElo "1802"]

1. b4 b5 2. Nf3 Nc6 3. a3 e5 4. c3 d5 5. e3 a6 6. d4 e4 7. h4 Bg4 8. Nbd2 h5 9.
Qb3 f6 10. a4 Bd7 11. axb5 axb5 12. Ba3 Na7 13. Qxd5 Bc6 14. Qf5 Qd7 15. Qf4
exf3 16. gxf3 Bd6 17. Qxd6 Qxd6 18. c4 Ne7 19. c5 Qd5 20. Bg2 Qf7 21. Rh2 Nd5
22. Ke2 Nc3+ 23. Kd3 Na2 24. Kc2 Nc8 25. Kb2 Nxb4 26. e4 Nd3+ 27. Kc3 Nxf2 28.
Kb4 Ra4+ 29. Kc3 b4+ 30. Kb2 bxa3+ 31. Kc3 Bb5 32. Nb1 Qc4+ 33. Kd2 Qe2+ 34. Kc3
Qb2# 0-1

[Event "Morning Coffee"]
[Site "http://www.queenalice.com/game.php?id=1170575"]
[Date "2013.4.11"]
[Round "-"]
[White "scheherazade"]
[Black "Oli"]
[Result "1-0"]
[WhiteElo "1806"]
[BlackElo "843"]

1. e4 a6 2. a4 c6 3. c4 b5 4. axb5 c5 5. d4 d6 6. d5 Nh6 7. h3 e5 8. Nf3 f6 9.
Bd2 g5 10. g4 Nd7 11. Ba5 Qe7 12. Qb3 Nb8 13. Bd3 Qb7 14. Nc3 Bd7 15. b6 Nf7 16.
Qd1 h5 17. Nh2 Nh6 18. gxh5 Bxh3 19. Qf3 Bd7 20. Bc2 Qc8 21. Ba4 Kf7 22. Ra3 g4
23. Qg3 f5 24. Rb3 f4 25. Qd3 Rg8 26. b7 Ra7 27. bxc8=Q Bxc8 28. Rxb8 Kf6 29.
Rxc8 Rb7 30. b3 Kg5 31. f3 g3 32. Ng4 Nxg4 33. fxg4 Kxg4 34. Qf1 Rbg7 35. Qh3+
Kf3 36. Qf1+ Ke3 37. Qe2+ Kd4 38. Qd2# 1-0

[Event "Challenge"]
[Site "http://www.queenalice.com/game.php?id=1174712"]
[Date "2013.4.24"]
[Round "-"]
[White "scheherazade"]
[Black "Oli"]
[Result "1-0"]
[WhiteElo "1816"]
[BlackElo "841"]

1. e4 Nf6 2. e5 Nd5 3. d4 e6 4. c4 Nb4 5. a3 N4c6 6. Nf3 b6 7. b4 a5 8. b5 Ne7
9. Bd3 d5 10. c5 f5 11. Ng5 h6 12. Nh3 bxc5 13. dxc5 c6 14. Nf4 Nd7 15. Qh5+ g6
16. Nxg6 Rg8 17. Nf4+ Ng6 18. Nxg6 Kf7 19. Nf4+ Kg7 20. Nxe6+ Kh7 21. Nxd8 Nxe5
22. Bxf5+ Bxf5 23. Qxf5+ Ng6 24. Qd7+ Bg7 25. Nxc6 Nf8 26. Qf7 Ng6 27. Ne7 Nxe7
28. Ra2 Ng6 29. Qxd5 Ne7 30. Qd7 Bf6 31. O-O Raf8 32. Re2 Rg7 33. g3 Rff7 34.
Bb2 Bxb2 35. Rxb2 Ng6 36. Qd1 Ne5 37. f4 Nc4 38. Qd3+ Rg6 39. Qxc4 Kg7 40. Rbf2
h5 41. Qc3+ Kh7 42. f5 Rg4 43. Rf4 Rg5 44. Nd2 a4 45. Ne4 Rg8 46. Nf6+ Kg7 47.
Nxh5+ Kh6 48. Rh4 Rb8 49. Qc4 Rfb7 50. Qg4 Rxb5 51. Nf4# 1-0

[Event "Challenge"]
[Site "http://www.queenalice.com/game.php?id=1175812"]
[Date "2013.4.27"]
[Round "-"]
[White "Oli"]
[Black "Luke1416"]
[Result "0-1"]
[WhiteElo "835"]
[BlackElo "1425"]

1. b4 e5 2. a3 d5 3. Nf3 e4 4. Nd4 Nf6 5. Nb3 c6 6. c3 b5 7. h3 Bd6 8. Na5 O-O
9. g4 c5 10. g5 Nh5 11. d4 cxd4 12. Qxd4 Bf5 13. Qxd5 Na6 14. Qxf5 g6 15. Qxe4
Re8 16. Qc6 Nc7 17. Nb7 Qe7 18. Nxd6 Red8 19. Nb7 Rd5 20. c4 bxc4 21. e3 Rxg5
22. h4 Rf5 23. Qxc4 Qf6 24. Ra2 Rc8 25. Bb2 Qe6 26. Qc2 Qxa2 27. Nd6 Qe6 28. Qd3
Rd5 29. Qc4 Qxd6 30. e4 Rd1+ 31. Ke2 Nf4+ 32. Ke3 Rxb1 33. Bd4 Nfe6 34. Qa2
Qxd4+ 35. Kf3 Rb3+ 36. Qxb3 a6 37. Bh3 Rb8 38. a4 Rxb4 39. Qc2 Rxa4 40. Qc6 Ra3+
41. Kg2 Ra2 42. Qb7 Qxf2# 0-1

[Event "Challenge"]
[Site "http://www.queenalice.com/game.php?id=1209370"]
[Date "2013.8.18"]
[Round "-"]
[White "Oli"]
[Black "Tibe"]
[Result "1-0"]
[WhiteElo "843"]
[BlackElo "981"]

1. b4 Nf6 2. a3 d5 3. c3 e5 4. Nf3 Nc6 5. d3 Bf5 6. Nfd2 Bd6 7. Nb3 e4 8. f3 O-O
9. Nc5 b6 10. Nb7 Qc8 11. Nxd6 cxd6 12. h3 exf3 13. gxf3 d4 14. h4 dxc3 15. Nxc3
a5 16. Nb5 Qe8 17. Nxd6 Qe5 18. Nc4 Qxa1 19. Nd6 Qc3+ 20. Kf2 Qd4+ 21. e3 1-0

[Event "Challenging Oli!"]
[Site "http://www.queenalice.com/game.php?id=1212713"]
[Date "2013.8.29"]
[Round "-"]
[White "Oli"]
[Black "jeancarlo1910"]
[Result "0-1"]
[WhiteElo "847"]
[BlackElo "1779"]

1. b4 d5 2. a3 e5 3. c3 Nf6 4. Nf3 Bd6 5. d3 Bg4 6. Nfd2 Nbd7 7. Nb3 O-O 8. h3
Bh5 9. f3 h6 10. g4 Bg6 11. h4 e4 12. h5 Bh7 13. g5 Bg3+ 14. Kd2 hxg5 15. Kc2
exd3+ 16. exd3 Ne8 17. Qe2 Bh4 18. Qe3 Nef6 19. f4 Re8 20. Qd2 Ng4 21. Nd4 Ne3+
22. Kb2 Nxf1 23. Rxf1 c5 24. Nf3 c4 25. fxg5 Bxd3 26. Rh1 Re2 27. Rxh4 Rxd2+ 28.
Nbxd2 a5 29. h6 axb4 30. Nd4 bxa3+ 31. Ka2 gxh6 32. Nb5 Qa5 33. Nxa3 Qxc3 34.
gxh6 b5 35. h7+ Bxh7 36. Rf4 b4 37. Rf3 b3+ 38. Nxb3 cxb3# 0-1

[Event "Challenge"]
[Site "http://www.queenalice.com/game.php?id=1221779"]
[Date "2013.10.3"]
[Round "-"]
[White "Oli"]
[Black "adriana_p"]
[Result "0-1"]
[WhiteElo "859"]
[BlackElo "1582"]

1. b4 e5 2. a3 Qf6 3. Nf3 a5 4. c3 axb4 5. cxb4 Na6 6. h4 c5 7. b5 Nc7 8. g4
Nxb5 9. g5 Qd6 10. Qb3 Nd4 11. Qc4 Nxf3+ 12. exf3 Ne7 13. d3 Nc6 14. f4 exf4 15.
Bxf4 Ne5 16. Qe4 Qe6 17. Bh3 Nxd3+ 18. Kd2 Qxe4 19. Rh2 Qxf4+ 20. Kxd3 Qxh2 21.
Bf5 Qxf2 22. Ke4 d5+ 23. Kxd5 Qxf5+ 24. Kc4 Be6+ 25. Kb5 c4+ 26. Kb6 Rb8 27. Ka7
Bd6 28. Nc3 Qa5# 0-1